Statistics for The Walking Dead Season 4

Click here to take the quiz!

General Stats

  • This quiz has been taken 1,049 times
    (1,045 since last reset)
  • The average score is 13 of 27

Answer Stats

HintAnswer% Correct
Location of the first half of the series.Prison
94%
Vehicle used by the Governor to attack the prisonTank
78%
Who shoots Lizzy?Carol
78%
Name of the final episodeA
76%
Train station (sanctuary for all)Terminus
76%
Weapon used to kill HershelKatana
76%
How many pigs does the group have?4
75%
Rick's helper on the farm.Carl
71%
Rick's new role.Farmer
69%
What is crashed on top of the supermarket?Helicopter
64%
Person responsible for feeding the Walkers.Lizzy
58%
Animal brought back by Daryl for dinner.Deer
58%
Who kills the Governor?Michonne
58%
New group member (ex-paramedic)Bob
55%
What does the Governor call Rick before he executes Hershel?Liar
51%
Woman who travels with GlennTara Chambler
47%
Where does this take place?The shower
38%
First character to get infected with a lethal disease.Patrick
33%
Characters killed and burned inside the prison.David and Karen
30%
Leader of the group that finds Daryl.Joe
28%
Little girl that the Governor shootsMeghan
25%
Where are the new group planning on heading to next?Washington D.C
24%
Name of Beth's new boyfriend.Zach
23%
Sgt that Glenn meets.Abraham Ford
20%
Rick's final wordsThey're screwing with the wrong people
16%
The Governor's new nameBrian Heriot
13%
What items were stolen by the people at #17?watch, poncho, riot gear
1%

Score Distribution

Percentile by Number Answered

Percent of People with Each Score

Your Score History

You have not taken this quiz since the last reset